000 00304nam a22001337a 4500
008 170921b xxu||||| |||| 00| 0 eng d
020 _a9780787617325
041 _aeng
080 _a78
100 _a45
101 _aMUZ
245 _aPARENTS AREN'T SUPPOSED TO LIKE IT
_cBIANCO,D.P
942 _2udc
_cBK
999 _c28843
_d28843